| 000 | 00392nam a2200145 a 4500 | ||
|---|---|---|---|
| 001 | 159 | ||
| 003 | CDMR | ||
| 005 | 20130116135151.0 | ||
| 008 | 130130s1924||||||||||||||||||||||||||||d | ||
| 040 |
_aCDMR _bcat _cCDMR |
||
| 110 | 2 |
_aSindicato Nacional de Periodistas _9127 |
|
| 245 | 1 | 0 | _aAnales de la Prensa de Barcelona |
| 260 |
_aBarcelona _c1924 _bSindicato Profesional de Periodistas |
||
| 942 | _cMON | ||
| 999 |
_c159 _d159 |
||